01390nmc a2200409 a 4500003000900000005001700009008004100026040001300067100002800080245014400108250001200252260003400264300001100298490003000309500004700339600002100386600002300407600004300430600003800473600003400511600003400545650002900579650002600608650002200634650002600656650002600682650002300708650002400731650002300755653002600778653002300804653002500827700001800852700003700870700004000907800003300947AR-BaBNM20251128204857.0306019s1981 ||||||||||||||000 | spa|| cAR-BaBNM1 aJara de Perazzo, Susana10aHistoria de la educación y política educacional argentinabde acuerdo con el programa oficial del profesorado para enseñanza primaria a2ª ed. aBuenos AiresbHumanitasc19810 a173 p. 0aFormación docentevv. 50 aContiene notas al final de cada capítulo14aBelgrano, Manuel14aMitre, Bartolomé14aSarmiento, Domingo Faustinod1868-187414aEstrada, José Manueld1842-189414aMercante, Víctord1870-193414aPizzurno, Pablo A.d1865-1940 4aHISTORIA DE LA EDUCACION 4aFORMACION DE DOCENTES 4aPERIODO HISPANICO 4aPERIODO INDEPENDIENTE 4aORGANIZACION NACIONAL 4aGENERACION DE 1837 4aCENTROS PEDAGOGICOS 4aPOLITICA EDUCATIVA aLEGISLACION EDUCATIVA 0aEDUCACION PRIMARIA 0aEDUCACION SECUNDARIA1 aKuc, Nélida1 aHelbling de Jove, María Teresa1 aSolari, Manuel Horacioeprologuista1 aVillaverde, Anibaledirector